=LDR 00000nam 2200000 4500 =001 INLIS000000000023691 =005 20130612122330 =008 ***********************************Ind** =035 ##$$0010-061300000023691 =041 ##$$a Ind =082 ##$$a 372.8 =090 ##$$a 372.8, Ilm i =245 ##$$a IPA 1 kelas 3 SD, Tim Penyusun =260 ##$$a 2003 $b Solo =300 ##$$a iv, 108 hlm, ilus, 30 cm =650 ##$$a IPA =850 ##$$a NBPNMAT